000 01010cab a2200217 4500
001 ABS67558
008 040301n2004 000 0 eng u
035 _a(Sirsi) u125254
100 _aSmulian, M.
245 _aConcrete expansion
260 _c2004
490 _aAxis
_v58(6) January/February 2004, 17(1)
520 _aMilton Keynes is to test a new model of sustainable city expansion, the partnership committee, rather than the government's initial preference for an urban development corporation. Looks at the likely remit of the partnership committee including land areas covered, planning applications to be handled and the committee's membership. Asks whether the partnership committee alone will be enough to oversee the city's development.
590 _aABS
650 _aLEASEHOLD REFORM, HOUSING AND HOUSING DEVELOPMENT ACT 1993 S170
650 _aMILTON KEYNES
650 _aPARTNERSHIP COMMITTEES
650 _aURBAN DEVELOPMENT CORPORATIONS
690 _aREGENERATION
942 _n0
999 _c74183
_d74183